Boys' Names in Top 1000-L (2023) - Statistics

General Stats
  • This quiz has been taken 287 times
  • The average score is 26 of 50
Answer Stats
Answer % Correct
Liam
89%
Leo
88%
Luca
87%
Lucca
87%
Luka
87%
Leon
86%
Lian
86%
Lewis
84%
Louis
84%
Lucas
84%
Luis
84%
Lukas
84%
Leonard
83%
Luke
81%
Leonardo
73%
Lawrence
68%
Levi
66%
Logan
65%
Landen
63%
Landon
63%
Landyn
63%
Lincoln
58%
Lee
52%
Leonel
51%
Lionel
51%
Lance
48%
Layton
42%
Leighton
42%
Lane
41%
Layne
41%
Lorenzo
39%
Lucian
39%
Lucien
39%
Lawson
38%
Lennon
35%
Lennox
35%
Lachlan
34%
Lochlan
34%
Louie
29%
Leland
28%
Legend
27%
Leroy
27%
Luciano
24%
Leif
15%
Legacy
14%
Leonidas
14%
Leandro
13%
Langston
11%
Loyal
9%
Ledger
7%
No matching quizzes found
Score Distribution
Percent of People with Each Score
Percentile by Number Answered
Your Score History
You have not taken this quiz